| 000 | 00582nam a2200193 i 4500 | ||
|---|---|---|---|
| 001 | 36938 | ||
| 003 | ES-MaACL | ||
| 005 | 20230906155455.0 | ||
| 007 | t| | ||
| 008 | 030219q1935 sp ||||1| spa d | ||
| 100 | 1 |
_aBru, Enrique. _9185873 |
|
| 245 | 1 | 0 |
_aDe espaldas al falso existir / _cEnrique BrĂș ; cuatro obras del pintor Pedro Mozos. |
| 260 |
_aMadrid : _b[s.n., _c1935?] ( _eMadrid : _fPapelerĂa Hispania) |
||
| 300 |
_a85 p. ; _c24 cm. |
||
| 700 | 1 |
_aMozos, Pedro. _984002 |
|
| 852 |
_aES-MaACL _jA-3785 |
||
| 852 |
_aES-MaACL _jG-13318 _bR.111070 |
||
| 999 |
_c36938 _d36938 |
||